Annual report 2001 International Monetary Fund

Salvato in:
Dettagli Bibliografici
Natura: Libro
Lingua:inglese
Pubblicazione: Washington International Monetary Fund 2001
Soggetti:
Tags: Aggiungi Tag
Nessun Tag, puoi essere il primo ad aggiungerne!!

MARC

LEADER 00000nam a2200000 4500
001 c129826
005 20221124102758.8
020 |a 1-58906-062-8 
022 |a 0250-7498 
041 0 |a eng 
044 |a US 
245 1 0 |a Annual report 2001  |b International Monetary Fund 
264 1 |a Washington  |b International Monetary Fund  |c 2001 
300 |a 236 s. 
610 2 0 |a politika hospodárska medzinárodná 
610 2 0 |a vývoj hospodársky 
610 2 0 |a prognózy 
610 2 0 |a trh kapitálový medzinárodný 
610 2 0 |a únie menové 
610 2 0 |a politika finančná 
610 2 0 |a sektor súkromný 
610 2 0 |a kríza finančná 
610 2 0 |a pôžičky 
610 2 0 |a reformy 
610 2 0 |a úver 
610 2 0 |a krajiny rozvojové 
610 2 0 |a rozpočty 
610 2 0 |a Medzinárodný menový fond